Detalles MARC
| 000 -CABECERA |
| campo de control de longitud fija |
01007nam a2200241 a 4500 |
| 001 - NÚMERO DE CONTROL |
| campo de control |
000046541 |
| 005 - FECHA Y HORA DE LA ÚLTIMA TRANSACCIÓN |
| campo de control |
20201002052939.0 |
| 008 - DATOS DE LONGITUD FIJA--INFORMACIÓN GENERAL |
| campo de control de longitud fija |
150824s2015 dr d 000 0 spa d |
| 020 ## - NÚMERO INTERNACIONAL ESTÁNDAR DEL LIBRO |
| Número Internacional Estándar del Libro |
9789945590210 |
| 040 ## - FUENTE DE LA CATALOGACIÓN |
| Centro catalogador/agencia de origen |
DO-SdBNP |
| Lengua de catalogación |
spa |
| Centro/agencia transcriptor |
BNPHU |
| 082 ## - NÚMERO DE LA CLASIFICACIÓN DECIMAL DEWEY |
| Número de clasificación |
302.2 |
| Número de documento/Ítem |
C969m |
| 111 2# - ENTRADA PRINCIPAL--NOMBRE DE CONGRESO/REUNIÓN |
| Nombre de congreso/reunión o jurisdicción como elemento de entrada |
Cumbre mundial de comunicación política |
| Número del congreso/reunión o número de parte o sección |
(6ª : |
| Fecha del congreso/reunión |
2014 : |
| Sede del congreso/Lugar de la reunión |
México) |
| 9 (RLIN) |
74526 |
| 245 13 - MENCIÓN DE TÍTULO |
| Título |
VI cumbre mundial de comunicación política / |
| Mención de responsabilidad, etc. |
editor Daniel Ivoskus ; coordinadora Marina Raffaeli. |
| 246 13 - FORMA VARIANTE DE TÍTULO |
| Título propio/Titulo breve |
Sexta cumbre mundial de comunicación política |
| 260 ## - PUBLICACIÓN, DISTRIBUCIÓN, ETC. |
| Lugar de publicación, distribución, etc. |
Santo Domingo : |
| Nombre del editor, distribuidor, etc. |
Fundación Global Desarrollo y Democracia, |
| Fecha de publicación, distribución, etc. |
2015. |
| 300 ## - DESCRIPCIÓN FÍSICA |
| Extensión |
546 p. : |
| Otras características físicas |
il., diag., gráfs., fotos, mapas ; |
| Dimensiones |
26 cm. |
| 500 ## - NOTA GENERAL |
| Nota general |
Imagenes cartográficas |
| 590 ## - NOTA LOCAL (RLIN) |
| Nota local |
Inventariado, 2019/VM |
| 650 #4 - PUNTO DE ACCESO ADICIONAL DE MATERIA--TÉRMINO DE MATERIA |
| Término de materia o nombre geográfico como elemento de entrada |
Comunicación en política |
| Subdivisión geográfica |
América Latina |
| Subdivisión general |
Congresos |
| 9 (RLIN) |
74527 |
| 650 #4 - PUNTO DE ACCESO ADICIONAL DE MATERIA--TÉRMINO DE MATERIA |
| Término de materia o nombre geográfico como elemento de entrada |
Comunicación en política |
| Subdivisión general |
Innovacionestecnológicas |
| 9 (RLIN) |
74528 |
| 700 12 - PUNTO DE ACCESO ADICIONAL--NOMBRE DE PERSONA |
| Nombre de persona |
Ivoskus, Daniel, |
| -- |
ed. |
| 9 (RLIN) |
74529 |
| 700 12 - PUNTO DE ACCESO ADICIONAL--NOMBRE DE PERSONA |
| Nombre de persona |
Raffaeli, Marina, |
| Término indicativo de función/relación |
coor. |
| 9 (RLIN) |
74530 |